ბათუმის შოთა რუსთაველის სახელმწიფო უნივერსიტეტის ბიბლიოთეკა

Охрана окружающей среды при строительстве и эксплуатации магистральных трубопроводов. (ბიბ.ჩანაწერი № 38397)

000 -LEADER
fixed length control field 00741nam a2200193Ia 4500
001 - CONTROL NUMBER
control field 4407
003 - CONTROL NUMBER IDENTIFIER
control field GE_BSU
008 - FIXED-LENGTH DATA ELEMENTS--GENERAL INFORMATION
fixed length control field 181216s||||||||xx |||||||||||||| ||und||
040 ## - CATALOGING SOURCE
Transcribing agency GE_BSU
080 ## - UNIVERSAL DECIMAL CLASSIFICATION NUMBER
Universal Decimal Classification number 69.621+502
100 ## - MAIN ENTRY--PERSONAL NAME
Personal name Бородавкин П.П. Ким Б.И.
245 ## - TITLE STATEMENT
Title Охрана окружающей среды при строительстве и эксплуатации магистральных трубопроводов.
260 ## - PUBLICATION, DISTRIBUTION, ETC.
Place of publication, distribution, etc. М.
260 ## - PUBLICATION, DISTRIBUTION, ETC.
Name of publisher, distributor, etc. Недра.
260 ## - PUBLICATION, DISTRIBUTION, ETC.
Date of publication, distribution, etc. 1981.
300 ## - PHYSICAL DESCRIPTION
Extent 160стр.с илл.20см.
653 ## - INDEX TERM--UNCONTROLLED
Uncontrolled term Охрана окружающей среды при строительстве и эксплуатации магистральных трубопроводов.
942 ## - ADDED ENTRY ELEMENTS (KOHA)
Koha item type წიგნი
ეგზემპლარები
Withdrawn status Lost status Damaged status Not for loan Date acquired Barcode Date last seen Price effective from Koha item type Public note
        2018-12-17 9348 2018-12-17 2018-12-17 წიგნი საცავი